000 00428nam a22001577a 4500
005 20251108164908.0
008 250721s1992 xx 000 0 ara d
082 1 4 _a646.4/مبا
245 1 0 _aمبادئ الخياطة /
264 1 _aبيروت :
_bأكاديميا،
_c1992.
300 _a128ص : مص
490 0 _aموسوعة الخياطة : سنجر
650 1 7 _aالخياطة
942 _2ddc
_cBK
999 _c16911
_d16911